000 01378nam a2200373 a 4500
001 0000242
003 DO-SdBNP
005 20180306102539.0
007 0000242
008 150130s2010 dr abc 000 0 spa d
020 _a9789945444018 (obra completa)
040 _aBPMSU
_bspa
_cBPMSU
092 0 4 _a372.7
_bR788m, 1ro. 2010
100 1 _aRosa, María del Jesús de la
245 1 0 _aMatemática 1ro:
_b[educación básica] /
_cMaría del Jesús de la Rosa, Francisca Antonia Medrano ; ilustraciones Ramón Sandoval.
250 _a2a. ed. rev. y actualizada
260 _aSanto Domingo :
_bActualidad Escolar 2000,
_c2010.
300 _a204 p. :
_bil., retrs. ;
_c28 cm.
490 1 _aSigma
500 _aLa biblioteca posee libro de texto.
505 1 _tA jugar --
_tUn paisaje natural --
_tVamos de compras --
_tVisitando el museo --
_t¡Feliz cumpleaños! --
650 4 _aMATEMÁTICAS
_xENSEÑANZA BÁSICA
650 4 _aMATEMÁTICAS
_xEDUCACIÓN ELEMENTAL
650 _aEDUCACIÓN PRIMARIA
_zREPÚBLICA DOMINICANA
650 4 _aMATEMÁTICAS
_xLIBROS DE TEXTOS
650 4 _aMATEMÁTICAS
_xESTUDIOS Y EJERCICIOS
700 1 2 _aMedrano, Francisca Antonia
700 1 2 _aSandoval, Ramón
_eil.
830 0 _aSigma
910 _aValidado. Control de calidad MFF
942 _2ddc
_cBK
945 _aRemanejado para la BNPHU / 2018 VM
956 _aYLOCKWARD
_b10
999 _c7940
_d7940